000 00396nam a22001697a 4500
005 20160620152759.0
008 160620b xxu||||| |||| 00| 0 eng d
020 _a978-817722-370-05
041 _aeng
082 _b8584
100 _aLascu, Dona-Nicolata
_92340
245 _aInternational Marketing
260 _bBizmantra
_c2009
300 _a322
650 _aManagement
_9241
942 _cBK
999 _c3307
_d3306